Israel y la Civilización (Record no. 9387)
[ view plain ]
| 000 -CABECERA | |
|---|---|
| campo de control de longitud fija | 00980nam a2200253 a 4500 |
| 001 - NÚMERO DE CONTROL | |
| campo de control | BRL_575 |
| 005 - FECHA Y HORA DE LA ÚLTIMA TRANSACCIÓN | |
| campo de control | 20190320210816.0 |
| 008 - DATOS DE LONGITUD FIJA--INFORMACIÓN GENERAL | |
| campo de control de longitud fija | 040913s1949----mx-a######---#000-0dspa-# |
| 041 ## - CÓDIGO DE LENGUA | |
| Código de lengua del texto/banda sonora o título independiente | spa |
| 044 ## - CÓDIGO DEL PAÍS DE LA ENTIDAD EDITORA/PRODUCTORA | |
| Código MARC del país | mx |
| 050 #4 - SIGNATURA TOPOGRÁFICA DE LA BIBLIOTECA DEL CONGRESO | |
| Número de clasificación | DS115 |
| Número de documento/Ítem | .P33 1949 |
| 100 1# - ENTRADA PRINCIPAL--NOMBRE DE PERSONA | |
| Nombre de persona | Padua Gómez, José |
| 9 (RLIN) | 24334 |
| 245 10 - MENCIÓN DE TÍTULO | |
| Título | Israel y la Civilización |
| Mención de responsabilidad, etc. | José Padua Gómez ; Semblanzas de Maimonides ...[et. al.] |
| 260 ## - PUBLICACIÓN, DISTRIBUCIÓN, ETC. | |
| Lugar de publicación, distribución, etc. | México, D.F. |
| Nombre del editor, distribuidor, etc. | Ediciones Metropolis |
| Fecha de publicación, distribución, etc. | 1949 |
| 300 ## - DESCRIPCIÓN FÍSICA | |
| Extensión | 109 p. |
| Otras características físicas | il. |
| Dimensiones | 22 cm. |
| 500 ## - NOTA GENERAL | |
| Nota general | ej.1 Au632 ; ej.2 Au1343 |
| 500 ## - NOTA GENERAL | |
| Nota general | La biblioteca cuenta con 2 ejemplares. |
| 500 ## - NOTA GENERAL | |
| Nota general | Semblanzas de Moises Maimónides, Baruj Spinoza, Jorge Isaacs, Félix Mendelssohn, Carlos Roloff, Cesare Lombroso, Max Nordau, Sigmund Freud, Paul Ehrlich, Henri Bergson, Alberto Einsten, Stefan Sweig y Jaim Weizmann |
| 650 14 - PUNTO DE ACCESO ADICIONAL DE MATERIA--TÉRMINO DE MATERIA | |
| Término de materia o nombre geográfico como elemento de entrada | Judios |
| Subdivisión de forma | Biografía |
| 9 (RLIN) | 24335 |
| 650 14 - PUNTO DE ACCESO ADICIONAL DE MATERIA--TÉRMINO DE MATERIA | |
| Término de materia o nombre geográfico como elemento de entrada | Civilización |
| Subdivisión general | Influencias judías |
| 9 (RLIN) | 24336 |
| 700 1# - PUNTO DE ACCESO ADICIONAL--NOMBRE DE PERSONA | |
| Nombre de persona | Maimonides, Moises |
| 9 (RLIN) | 24337 |
| 902 ## - CATALOGADOR | |
| Iniciales | GRL |
| 942 ## - ELEMENTOS DE PUNTO DE ACCESO ADICIONAL (KOHA) | |
| Fuente del sistema de clasificación o colocación | Library of Congress Classification |
| Tipo de ítem Koha | Libros |
| Estado de retiro | Estado de pérdida | Estado dañado | No para préstamo | Localización permanente | Ubicación/localización actual | Fecha de adquisición | Total de préstamos | Signatura topográfica completa | Código de barras | Fecha visto por última vez | Precio válido a partir de | Tipo de ítem Koha |
|---|---|---|---|---|---|---|---|---|---|---|---|---|
| El ejemplar forma parte de la colección y puede ser consultado según las políticas vigentes. | Biblioteca Centro de Estudios Ruth D. Lechuga | Biblioteca Centro de Estudios Ruth D. Lechuga | 04/09/2013 | DS115 .P33 1949 | GRL00632 | 22/03/2019 | 22/03/2019 | Libros | ||||
| El ejemplar forma parte de la colección y puede ser consultado según las políticas vigentes. | Biblioteca Centro de Estudios Ruth D. Lechuga | Biblioteca Centro de Estudios Ruth D. Lechuga | 27/10/2015 | DS115 .P33 1949 | GRL01282 | 22/03/2019 | 22/03/2019 | Libros |